النزاع و عدم الإستقرار في الشرق الأوسط : (رقم التسجيلة. 42356)

تفاصيل مارك
000 -الفاتح
عناصر البيانات ثابتة الطول 00985cam a2200229 i 4500
005 - تاريخ ووقت آخر معاملة
حقل ضبط 20260115105022.0
008 - عناصر البيانات ثابتة الطول
عناصر البيانات ثابتة الطول 250721s1999 jo gr 000 0 ara d
082 14 - رقم تصنيف ديوي العشري
رقم التصنيف 320.956
رقم المادة ع ا د
100 1# - مدخل رئيسي – اسم شخصي
الاسم الشخصي أبي عاد، ناجي
علاقة الشخص بالعمل/ دوره مؤلف.
245 12 - بيان العنوان
العنوان النزاع و عدم الإستقرار في الشرق الأوسط :
بقية العنوان الناس، النفط، التهديدات الأمنية /
بيان المسؤولية تأليف ناجي أبي عاد ، ميشيل جرينون ؛ ترجمة محمد نجار .
264 31 - بيانات النشر، التوزيع…إلخ
مكان النشر، التوزيع...إلخ عمان :
اسم الناشر، الموزع...إلخ الأهلية للنشلر و التوزيع،
تاريخ النشر، التوزيع...إلخ 1999.
300 ## - الوصف المادي
عدد الوحدات المكونة للوعاء 299 صفحة.
650 17 - مدخل إضافي بالموضوع - مصطلح موضوعي
مصطلح موضوعي أو اسم جغرافي كعنصر مدخل الظروف السياسية الأصول الإقتصادية.
650 17 - مدخل إضافي بالموضوع - مصطلح موضوعي
مصطلح موضوعي أو اسم جغرافي كعنصر مدخل النزاعات.
650 17 - مدخل إضافي بالموضوع - مصطلح موضوعي
مصطلح موضوعي أو اسم جغرافي كعنصر مدخل السكان.
650 17 - مدخل إضافي بالموضوع - مصطلح موضوعي
مصطلح موضوعي أو اسم جغرافي كعنصر مدخل الأقليات.
650 17 - مدخل إضافي بالموضوع - مصطلح موضوعي
مصطلح موضوعي أو اسم جغرافي كعنصر مدخل الشرق الأوسط.
700 1# - مدخل إضافي - اسم شخصي
الاسم الشخصي جرنيون، ميشيل
علاقة الشخص بالعمل/ دوره مؤلف.
700 1# - مدخل إضافي - اسم شخصي
الاسم الشخصي نجار، محمد
علاقة الشخص بالعمل/ دوره مترجم.
942 ## - بيانات إضافية (كوها)
نوع التنصيف Dewey Decimal Classification
نوع المادة (كوها) كتب
المقتنيات
حالة السحب حالة الفقدان مصدر التصنيف حالة التلف غير قابل للإعارة المكتبة الرئيسية المكتبة الحالية موقع الرف تاريخ التزويد الرقم المتسلسل Total Checkouts رقم الإستدعاء الباركود تاريخ آخر ظهور تاريخ الفاتورة نوع المادة (كوها)
    Dewey Decimal Classification     المكتبة المركزية المكتبة المركزية الإعارة 06/07/2004 377310   320.956 / ع ا د 377310 28/07/2025 06/07/2004 كتب
    Dewey Decimal Classification Unchecked   مكتبة الأميرة ايمان العامة مكتبة الأميرة ايمان العامة الإعارة 06/07/2004 377313   320.956/عاد   28/07/2025 06/07/2004 كتب
    Dewey Decimal Classification Unchecked   مكتبة الاميرة بديعة مكتبة الاميرة بديعة الإعارة 06/07/2004 377316   320.956/عاد   28/07/2025 06/07/2004 كتب
    Dewey Decimal Classification     مكتبة الجويدة مكتبة الجويدة الإعارة 08/06/2015 377317   320.956/عاد PLD00329615 28/07/2025 08/06/2015 كتب
    Dewey Decimal Classification     مكتبة الحسن العامة مكتبة الحسن العامة الإعارة 06/07/2004 377313   320.956/عاد 377313 28/07/2025 06/07/2004 كتب
    Dewey Decimal Classification     مكتبة صويلح العامة مكتبة صويلح العامة الإعارة 15/03/2016 377314   320.956/عاد PLD00380140 28/07/2025 15/03/2016 كتب
Implemented & Customized by: BBB with SCIT (Smart Chains for Information Technology)

Powered by Koha